| 000 | 01309nam a2200325 a 4500 | ||
|---|---|---|---|
| 001 | ebr10018142 | ||
| 003 | CaPaEBR | ||
| 006 | m u | ||
| 007 | cr cn||||||||| | ||
| 008 | 980410s1997 dcu sb 000 0 eng | ||
| 010 | _z 98137537 | ||
| 020 | _z0844771007 | ||
| 040 |
_aCaPaEBR _cCaPaEBR |
||
| 035 | _a(OCoLC)70757946 | ||
| 050 | 1 | 4 |
_aHG1662.A3 _bC35 1997eb |
| 082 | 0 | 4 |
_a332.1/0973 _221 |
| 100 | 1 | _aCalomiris, Charles W. | |
| 245 | 1 | 4 |
_aThe postmodern bank safety net _h[electronic resource] : _blessons from developed and developing economies / _cCharles W. Calomiris. |
| 260 |
_aWashington, D.C. : _bAEI Press, _c1997. |
||
| 300 | _aviii, 45 p. | ||
| 490 | 1 | _aAEI studies on financial market deregulation | |
| 504 | _aIncludes bibliographical references (p. 39-43). | ||
| 533 |
_aElectronic reproduction. _bPalo Alto, Calif. : _cebrary, _d2013. _nAvailable via World Wide Web. _nAccess may be limited to ebrary affiliated libraries. |
||
| 650 | 0 | _aDeposit insurance. | |
| 650 | 0 |
_aBanks and banking _xDeregulation. |
|
| 655 | 7 |
_aElectronic books. _2local |
|
| 710 | 2 | _aebrary, Inc. | |
| 830 | 0 | _aAEI studies on financial market deregulation. | |
| 856 | 4 | 0 |
_uhttp://site.ebrary.com/lib/rucke/Doc?id=10018142 _zAn electronic book accessible through the World Wide Web; click to view |
| 999 |
_c11920 _d11920 |
||